书目信息 |
| 书名: | Power in modern societies | |
| 作者: | Marvin E.Olsen. | |
| 分册号: | ||
| 分册名: | 出版地: | boulder : |
|
| 出版社: | Westview press | |
| 出版时间: | 1993. | |
| 页数: | 327 p. ; | |
| 开本: | 23cm. | |
| 丛书名: | ||
| 中图分类号: | ||
| 科图分类号: | ||
| 其他分类号: | C912.3 | |
| 主题词: | ||
| 电子资源: | ||
| 000 | 00396nam 2200145 a 4500 | |
| 001 | E0460495024 | |
| 005 | 2004122116481501 | |
| 008 | 041221s1993 00010 eng | |
| 020 | @a0-81331-288-4 :@cRMB 12.00. | |
| 040 | @aPFT@beng | |
| 090 | @aC912.3 | |
| 099 | @dC912.3@eO52 | |
| 245 | @aPower in modern societies / @cMarvin E.Olsen. | |
| 260 | @aboulder :@bWestview press,@c1993. | |
| 300 | @a327 p. ;@c23cm. | |
| Power in modern societies / / Marvin E.Olsen.-boulder : : Westview press, , 1993. |
| 327 p. ; ; 23cm. |
| ISBN 0-81331-288-4 :RMB 12.00. |
| ● |
| 相关链接 |
|
|
|
正题名:Power in modern societies
索取号:C912.3/O52
 
预约/预借
| 序号 | 登录号 | 条形码 | 馆藏地/架位号 | 状态 | 备注 |
| 1 | 04957 | 300049579 | 社科库509/509社科库 130排2列4层/ [索取号:C912.3/O52] | 在馆 |